000 00644nam a2200253Ia 4500
003 0100
008 130307s9999 xx 000 0 und d
020 _a0761940529
040 _cARRUPELIB
050 _aLB2900.5.B89 2003
100 _aBush, Tony
245 _aTheories of educational leadership and management
250 _a3rd ed.
260 _aLondon
260 _bSage Publications
260 _c2003.
300 _axii
300 _b209 p. 25 cm.
650 _aEDUCATION
650 _bSocial sciences -- Periodicals
650 _cAfrica, Southern--Periodicals
650 _dAfrica, Central -- Periodicals
942 0 0 _02
999 _c94604
_d94604